University Home | Library Home | Institutional Repository

Classification : (Record no. 138043)

MARC details
000 -LEADER
fixed length control field 01786cam7a220031301 4500
001 - CONTROL NUMBER
control field lce00492169
008 - FIXED-LENGTH DATA ELEMENTS--GENERAL INFORMATION
fixed length control field 700914s1970 dcu 001 0 eng
010 ## - LIBRARY OF CONGRESS CONTROL NUMBER
LC control number 78606523 //r885
020 ## - INTERNATIONAL STANDARD BOOK NUMBER
Terms of availability 3.00
035 ## - SYSTEM CONTROL NUMBER
System control number (Sirsi) r96487
035 ## - SYSTEM CONTROL NUMBER
System control number (DLC) 78606523 //r885
035 ## - SYSTEM CONTROL NUMBER
System control number (UPRA)lce00492169
040 ## - CATALOGING SOURCE
Modifying agency UPRA
050 0# - LIBRARY OF CONGRESS CALL NUMBER
Classification number Z696.U5N
Item number 1970
051 ## - LIBRARY OF CONGRESS COPY, ISSUE, OFFPRINT STATEMENT
Classification number Z663.78.C5N
Item number 1970
Copy information Copy 3.
082 ## - DEWEY DECIMAL CLASSIFICATION NUMBER
Classification number 025.4/6/7
110 2# - MAIN ENTRY--CORPORATE NAME
Subordinate unit Subject Cataloging Division.
Linkage A3465.1
245 10 - TITLE STATEMENT
Title Classification :
Remainder of title Class N: fine arts.
250 ## - EDITION STATEMENT
Edition statement 4th ed.
260 ## - PUBLICATION, DISTRIBUTION, ETC.
Place of publication, distribution, etc. Washington :
Name of publisher, distributor, etc. [For sale by the Card Division, Library of Congress],
Date of publication, distribution, etc. 1970.
500 ## - GENERAL NOTE
General note First ed. published in 1910 by the Classification Division of the Library of Congress.
500 ## - GENERAL NOTE
General note Kept up to date by the Division's L.C. classification--additions and changes, and by 2 publications irregularly issued by Gale Research Company entitled: Library of Congress classification schedules--a cumulation of additions and changes, Class N and Library of Congress classification schedules combined with additions and changes.
650 #0 - SUBJECT ADDED ENTRY--TOPICAL TERM
Topical term or geographic name entry element Classification -- Books -- Art.
General subdivision Classification -- Books -- Art.
-- Classification -- Books -- Art.
Linkage S29498.1
650 #0 - SUBJECT ADDED ENTRY--TOPICAL TERM
Topical term or geographic name entry element Classification, Library of Congress.
Linkage S5714.1
710 2# - ADDED ENTRY--CORPORATE NAME
Corporate name or jurisdiction name as entry element Library of Congress. Classification Division. Classification. Class N: fine arts.
Subordinate unit Library of Congress. Classification Division. Classification. Class N: fine arts.
Title of a work Library of Congress. Classification Division. Classification. Class N: fine arts.
Name of part/section of a work Library of Congress. Classification Division. Classification. Class N: fine arts.
Linkage A55156.1
949 ## - LOCAL PROCESSING INFORMATION (OCLC)
a Z696.U5N
w lcc
i -136492
m MAIN
p 300
t BOOK
l ON-SHELF
949 ## - LOCAL PROCESSING INFORMATION (OCLC)
a Z696.U5N
w lcc
i -136493
m MAIN
p 300
t BOOK
l ON-SHELF

No items available.

© 2026 - The University of Zambia Library - Koha v25.11